Johnny Cadillac - Statistiques

Statistiques générales
  • Ce quiz a été pris 7 fois
  • Le résultat moyen est 7 sur 11
Statistiques - réponses
Hint Réponse % Correct
Donner un synonyme de "bagarre". Castagne
100%
De qui est-il le sosie ? Johnny Hallyday
100%
Quelle est le coup de poing le plus rapide du monde ? Uraken
86%
Quelle est la meilleure position pour se catagner ? (toujours) 3/4 face
71%
Son maitre faisait partie de l'équipe ... de Karaté. Belge
57%
"On se bourrait la gueule convenablement, puis on allait voir...". Les putes
57%
Où se sont passées en majorité ses "années bagarres" ? La Marine Marchande
43%
"Je vais plus plonger entre ses jambes et je vais lui mordre..." Ses couilles
43%
"bim bim et poum, ça ..." Tombait
43%
Il a gagner contre son prof en faisant un ... Ippon
29%
"Je lui téléphone un..." Mae geri
29%
Aucun quiz correspondant
Distribution des résultats
% des personnes avec chaque résultat
Percentile par nombre de réponses
Votre historique - résultats
Vous n’avez pas pris ce quiz